000 00653nam a2200133Ia 4500
008 171212s9999 xx 000 0 und d
020 _a9780833036827
100 _aFair, C. Christine
245 _cFair, C. Christine
_aUrban Battle Fields of South Asia
_bLessons Learned from Sri Lanka, India, and Pakistan
260 _bRAND Corporation
_c2004
650 _aPolitical Science
650 _aUrban warfare -- Sri Lanka; Urban warfare -- India; Urban warfare -- Pakistan; Terrorism -- Sri Lanka -- Prevention; Terrorism -- India -- Prevention; Terrorism -- Pakistan -- Prevention; War on Terrorism, 2001–
856 _uwww.jstor.org/stable/10.7249/mg210a
999 _c352789
_d352789